[Event "SVK-chT2B 0910"]
[Site "Slovakia"]
[Date "2010.02.28"]
[Round "11.7"]
[White "Varga, Alexander"]
[Black "Feher, Miklos"]
[Result "0-1"]
[WhiteElo "1927"]
[BlackElo "1976"]
[PlyCount "94"]
[EventDate "2009.10.10"]
[EventType "team"]
[EventRounds "11"]
[EventCountry "SVK"]
[SourceTitle "EXT 2011"]
[Source "ChessBase"]
[SourceDate "2010.11.26"]
[SourceVersion "1"]
[SourceVersionDate "2010.11.26"]
[SourceQuality "1"]
[WhiteTeam "Sala Slovan Duslo"]
[BlackTeam "Komarno"]
[WhiteTeamCountry "SVK"]
[BlackTeamCountry "SVK"]

1. d4 Nf6 2. Nf3 g6 3. Bg5 Bg7 4. Nc3 d5 5. e3 0-0 6. Bd3 c5 7. dxc5 Qa5 8. 0-0 Qxc5 9. Bf4 Nc6 10. Na4 Qa5 11. c3 Bg4 12. b4 Qd8 13. Rc1 e5 14. Bxe5 Nxe5 15. Be2 Bxf3 16. Bxf3 Nxf3+ 17. Qxf3 Ne4 18. Qe2 Qd7 19. f3 Qxa4 20. fxe4 dxe4 21. Qc4 Qc6 22. Qxc6 bxc6 23. Rfd1 Rfd8 24. c4 a6 25. a4 Rab8 26. b5 cxb5 27. cxb5 Rxd1+ 28. Rxd1 axb5 29. axb5 Rxb5 30. Rd8+ Bf8 31. Re8 f5 32. g4 Kf7 33. Rc8 fxg4 34. Rc4 Rb4 35. Rc7+ Kf6 36. Kg2 h5 37. h3 gxh3+ 38. Kxh3 Rb3 39. Kg3 Rxe3+ 40. Kf4 Re1 41. Kg3 Ke6 42. Rc6+ Bd6+ 43. Kf2 Ra1 44. Rc8 Ra3 45. Re8+ Kf5 46. Rd8 Bc5+ 47. Ke2 Ra2+ 0-1

[Event "SVK-chT2B 0809"]
[Site "Slovakia"]
[Date "2008.12.06"]
[Round "5.7"]
[White "Voros, Gellert"]
[Black "Feher, Miklos"]
[Result "1/2-1/2"]
[WhiteElo "1496"]
[BlackElo "2033"]
[PlyCount "28"]
[EventDate "2008.10.11"]
[EventType "team-tourn"]
[EventRounds "11"]
[EventCountry "SVK"]
[SourceTitle "EXT 2010"]
[Source "ChessBase"]
[SourceDate "2010.11.25"]
[SourceVersion "1"]
[SourceVersionDate "2010.11.25"]
[SourceQuality "1"]
[WhiteTeam "Komarno KSC II"]
[BlackTeam "Komarno KSC"]
[WhiteTeamCountry "SVK"]
[BlackTeamCountry "SVK"]

1. e4 c6 2. d4 d5 3. Nd2 dxe4 4. Nxe4 Nf6 5. Qd3 Nxe4 6. Qxe4 Nd7 7. Nf3 Nf6 8. Qd3 g6 9. Be2 Bg7 10. h3 Qb6 11. Qb3 Be6 12. Qxb6 axb6 13. c4 0-0 14. 0-0 b5 1/2-1/2

[Event "SVK-chT2B 0809"]
[Site "Slovakia"]
[Date "2008.11.09"]
[Round "4.2"]
[White "Feher, Miklos"]
[Black "Kunovsky, Daniel"]
[Result "1-0"]
[WhiteElo "2033"]
[BlackElo "2025"]
[PlyCount "89"]
[EventDate "2008.10.11"]
[EventType "team-tourn"]
[EventRounds "11"]
[EventCountry "SVK"]
[SourceTitle "EXT 2010"]
[Source "ChessBase"]
[SourceDate "2010.11.25"]
[SourceVersion "1"]
[SourceVersionDate "2010.11.25"]
[SourceQuality "1"]
[WhiteTeam "Komarno KSC"]
[BlackTeam "Sala Slovan Duslo"]
[WhiteTeamCountry "SVK"]
[BlackTeamCountry "SVK"]

1. Nf3 Nf6 2. g3 g6 3. Bg2 Bg7 4. 0-0 0-0 5. b3 d5 6. Bb2 c5 7. d4 cxd4 8. Nxd4 Nc6 9. Nxc6 bxc6 10. c4 dxc4 11. Qc2 cxb3 12. axb3 Bb7 13. Na3 Qc8 14. b4 Nd5 15. Bxg7 Kxg7 16. Qc5 Qe6 17. Nc4 Qd7 18. Na5 Rfd8 19. Rfd1 Qc8 20. b5 cxb5 21. Nxb7 Qxc5 22. Nxc5 e6 23. Bxd5 exd5 24. Ra5 b4 25. Nb3 d4 26. Ra4 a5 27. Rxa5 Rxa5 28. Nxa5 Ra8 29. Nb3 Ra3 30. Rb1 Ra8 31. Nxd4 Ra7 32. Nc6 Ra2 33. e3 Ra6 34. Nxb4 Rb6 35. Rb2 Kf8 36. Nd3 Rd6 37. Ne5 Re6 38. f4 Kg8 39. Rb8+ Kg7 40. Rb1 Kf8 41. h4 Kg7 42. Rb8 h5 43. Rd8 Re7 44. Rd2 Kf8 45. Rd7 1-0